[Event "36th Olympiad"]
[Site "Calvia ESP"]
[Date "2004.10.25"]
[Round "10"]
[White "Dreev,A"]
[Black "Nataf,IA"]
[Result "1/2-1/2"]
[WhiteElo "2698"]
[BlackElo "2565"]

1.d4 Nf6 2.c4 g6 3.Nc3 Bg7 4.e4 d6 5.f3 O-O 6.Nge2 c5 7.d5 e6 8.Ng3 exd5
9.cxd5 h5 10.Be2 a6 11.a4 Nh7 12.Be3 Nd7 13.O-O h4 14.Nh1 f5 15.Qd2 Qf6 16.exf5 gxf5
17.Nf2 Ne5 18.Nh3 Ng6 19.f4 Re8 20.Bh5 Bd7 21.a5 Re7 22.Bf2 Rae8 23.Ra3 Nhf8
24.Rb3 Bc8 25.Na4 Bd7 26.Nxc5 Bb5 27.Nd3 Re4 28.Rc1 R8e7 29.Rc8 Bh6 30.Qc3 Qxc3
31.Rbxc3 Bxd3 32.Rxd3 Nxf4 33.Nxf4 Bxf4 34.Rf3 Ra4 35.g4 h3 36.Rxh3 fxg4
37.Rh4 Rg7 38.Rxg4 Rxg4+ 39.Bxg4 Bxh2+ 40.Kxh2 Rxg4 41.Bg3 Kf7 42.Rc7+ Ke8
43.Bxd6 Nd7 44.Rc8+ Kf7 45.Rc7 Ke8 46.Rc8+ Kf7 47.Rd8 Nf6 48.Rf8+ Kg6 49.Rb8 Rh4+
50.Kg2 Rh7 51.Kf3 Rd7 52.Bc5 Nxd5 53.Ke4 Nf6+ 54.Ke3 Kf5 55.b4 Ng4+ 56.Kf3 Ne5+
57.Ke3 Nc6 58.Rf8+ Ke5 59.Rh8 Kd5 60.Kd3 Nxa5 61.Rh5+ Kc6+ 62.Kc3 Rd5 63.Rh6+ Kb5
64.Rb6+ Ka4 65.Bf8 Rf5 66.bxa5 Kxa5 67.Rxb7 Rxf8  1/2-1/2

[Event "EuCh-Internet KO"]
[Site "playchess.com INT"]
[Date "2004.11.07"]
[Round "1.1"]
[White "Dreev,A"]
[Black "Psakhis,L"]
[Result "1-0"]
[WhiteElo "2698"]
[BlackElo "2545"]


1.d4 Nf6 2.c4 e6 3.Nf3 b6 4.a3 Bb7 5.Nc3 d5 6.cxd5 Nxd5 7.Bd2 Nd7 8.Nxd5 exd5
9.b4 Bd6 10.Bg5 f6 11.Bh4 c5 12.Bg3 Be7 13.bxc5 bxc5 14.e3 c4 15.Be2 Qa5+
16.Qd2 Qxd2+ 17.Nxd2 Nb6 18.Bd1 Kd7 19.Nb1 Bd6 20.Nc3 Bxg3 21.hxg3 Bc6 22.Kd2 Kd6
23.Rb1 h6 24.g4 Rhb8 25.Bc2 Nc8 26.Ne2 Ne7 27.f3 Be8 28.Ng3 Rb6 29.Kc3 Rab8
30.Rxb6+ Rxb6 31.Rb1 Rxb1 32.Bxb1 a5 33.Bc2 Bf7 34.e4 Be6 35.Nh5 dxe4 36.Bxe4 g5
37.Nxf6 Bf7 38.Ba8 Ke6 39.Ne4 Kd7 40.Nd2 Bd5 41.Bxd5 Nxd5+ 42.Kxc4 Ne3+ 43.Kb5 Nxg2
44.Kxa5 Kc6 45.Kb4 Ne3 46.a4 Nc2+ 47.Kc3 Ne1 48.Kc4 Kb6 49.Kd5 Ka5 50.Ke6 Nd3
51.d5 Nf4+ 52.Ke5 Ng6+ 53.Kf6 Nf8 54.d6 Kxa4 55.Ke7 Ng6+ 56.Ke8 Ne5 57.d7 Nxd7
58.Kxd7 Kb4 59.Ke6 Kc3 60.Ne4+ Kd4 61.Ng3 Ke3 62.Nf5+ Kxf3 63.Nxh6  1-0

[Event "EuCh-Internet KO"]
[Site "playchess.com INT"]
[Date "2004.11.07"]
[Round "1.5"]
[White "Dreev,A"]
[Black "Psakhis,L"]
[Result "0-1"]
[WhiteElo "2698"]
[BlackElo "2545"]


1.d4 Nf6 2.c4 e6 3.Nc3 Bb4 4.Qc2 O-O 5.a3 Bxc3+ 6.Qxc3 b6 7.Bg5 Ba6 8.Qf3 Nc6
9.e3 Re8 10.b4 Bb7 11.Bxf6 Qxf6 12.Qxf6 gxf6 13.Ne2 f5 14.Nf4 Kf8 15.Bd3 Ke7
16.h3 Rg8 17.f3 Nd8 18.Kf2 c5 19.g4 Nc6 20.bxc5 bxc5 21.dxc5 Ne5 22.Be2 Rac8
23.gxf5 Rxc5 24.fxe6 dxe6 25.Rab1 Bc6 26.Rhc1 Ra5 27.Rc3 Ng6 28.Nxg6+ hxg6
29.c5 Rh8 30.Bf1 Rh5 31.Rbc1 Rd5 32.Bd3 Rh5 33.Be4 Kd7 34.Rd1+ Kc7 35.Bxc6 Kxc6
36.Rd6+ Kc7 37.Rcd3 Raxc5 38.Rd7+ Kb6 39.R3d6+ Kb5 40.Rb7+ Kc4 41.h4 a5 42.Kg3 Rb5
43.Rxf7 Rb3 44.Rd4+ Kc3 45.a4 Rb4 46.Rg4 Kb3 47.Rf6 Kxa4 48.Rxe6 Kb3 49.Rexg6 a4
50.Ra6 a3 51.e4 Ra4 52.Rxa4 Kxa4 53.e5+ Kb3  0-1

[Event "EuCh-Internet KO"]
[Site "playchess.com INT"]
[Date "2004.11.07"]
[Round "1.3"]
[White "Dreev,A"]
[Black "Psakhis,L"]
[Result "1/2-1/2"]
[WhiteElo "2698"]
[BlackElo "2545"]


1.d4 Nf6 2.c4 e6 3.Nf3 b6 4.a3 Bb7 5.Nc3 d5 6.cxd5 Nxd5 7.Bd2 Nd7 8.Nxd5 exd5
9.b4 Bd6 10.Bg5 f6 11.Bh4 c5 12.Bg3 Bxg3 13.hxg3 c4 14.Qc2 g6 15.e3 b5 16.g4 a5
17.Rb1 axb4 18.axb4 Qe7 19.Nd2 Nb8 20.Be2 Nc6 21.O-O O-O 22.Qc3 Ra4 23.Bf3 Rd8
24.e4 dxe4 25.Nxe4 Nxd4 26.Rfe1 Nxf3+ 27.gxf3 Bxe4 28.Rxe4 Qf7 29.Rbe1 Ra7
30.Re6 Rd3 31.Qc1 Kg7 32.Kg2 Rad7 33.Qf4 R3d5 34.Rc6 g5 35.Qb8 Rd8 36.Qb6 R8d7
37.Ree6 Rb7 38.Qa6 Ra7 39.Qc8 Rdd7 40.Qb8 Rac7 41.Qxb5 c3 42.Qc4 Rxc6 43.Rxc6 Qxc4
44.Rxc4 Rd3 45.Kf1 Rxf3 46.Ke2 Rh3 47.Rc7+ Kg6 48.Rc6 Rh1 49.Rxc3 Rb1 50.Rc4 h5
51.gxh5+ Kxh5 52.Kf3 f5 53.Kg3 Rb3+ 54.Kg2 g4 55.Rd4 Kg5 56.Rd5 Rxb4 57.Rc5 Rb3
58.Rd5 Rb2 59.Rc5 Rb3 60.Rd5 Rb2 61.Rc5 Rb3  1/2-1/2

[Event "Petrosian Mem Internet"]
[Site "ICC INT"]
[Date "2004.12.20"]
[Round "3"]
[White "Fressinet,L"]
[Black "Dreev,A"]
[Result "1/2-1/2"]
[WhiteElo "2640"]
[BlackElo "2698"]

1.e4 c6 2.d4 d5 3.Nc3 dxe4 4.Nxe4 Bf5 5.Ng3 Bg6 6.h4 h6 7.Nf3 Nd7 8.h5 Bh7
9.Bd3 Bxd3 10.Qxd3 e6 11.Bf4 Ngf6 12.O-O-O Be7 13.Kb1 O-O 14.Ne4 Qa5 15.g4 Nxg4
16.Ne5 Ndxe5 17.dxe5 Rad8 18.Qh3 f5 19.exf6 Nxf6 20.Qxe6+ Rf7 21.Rdg1 Qd5
22.Nxf6+ Bxf6 23.Qxd5 Rxd5 24.Bxh6  1/2-1/2

[Event "Petrosian Mem Internet"]
[Site "ICC INT"]
[Date "2004.12.23"]
[Round "6"]
[White "Ni Hua"]
[Black "Dreev,A"]
[Result "1/2-1/2"]
[WhiteElo "2611"]
[BlackElo "2698"]

1.e4 c6 2.d4 d5 3.Nc3 dxe4 4.Nxe4 Bf5 5.Ng3 Bg6 6.h4 h6 7.Nf3 e6 8.Ne5 Bh7
9.Bd3 Nf6 10.Bxh7 Nxh7 11.Qh5 Qc7 12.Bf4 Nf6 13.Qf3 Qa5+ 14.c3 Qd5  1/2-1/2

[Event "Russian Blitz Internet Cup Superfinal"]
[Site "chessassistantclub.com INT"]
[Date "2004.12.28"]
[Round "2"]
[White "Vlassov,N"]
[Black "Dreev,A"]
[Result "1-0"]
[WhiteElo "2492"]
[BlackElo "2698"]

1.e4 c6 2.d4 d5 3.e5 Bf5 4.Nc3 Qc7 5.g4 Bd7 6.f4 h5 7.f5 hxg4 8.e6 fxe6 9.Qxg4 exf5
10.Qg6+ Kd8 11.Nf3 Qd6 12.Ne5 Nh6 13.Bxh6 Qxg6 14.Nxg6 Rxh6 15.Nxf8 Be8 16.O-O-O Bf7
17.Bd3 Ke8 18.Bxf5 Kxf8 19.Bc8 a5 20.Bxb7 Ra7 21.Bc8 e6 22.Na4 Ke7 23.Rhg1 g6
24.Nc5 Rc7 25.Ba6 Nxa6 26.Nxa6 Ra7 27.Nc5 Rxh2 28.Rde1 Kd6 29.Re3 Rh4 30.c3 Re7
31.Rf1 g5 32.Ref3 Rh7 33.Rf6 Rg7 34.Rg1 g4 35.Kd2 g3 36.Rf3 g2 37.Rf2 e5
38.Rfxg2 Rxg2+ 39.Rxg2 Be8 40.Rh2 e4 41.Rh6+ Kc7 42.Ke3 Rf7 43.Ne6+ Kb6 44.Nf4 Bd7
45.Nxd5+ Kb7 46.Nf6 Bf5 47.c4 a4 48.Ne8 Rf8 49.Nd6+ Kc7 50.Nxf5 Rxf5 51.Rh2 a3
52.bxa3 Rf3+ 53.Kxe4 Rxa3 54.c5 Kd7 55.Rh7+ Kc8 56.Ke5 Ra4 57.Kd6 Rxd4+ 58.Kxc6 Kb8
59.a3 Rc4 60.Kb6 Kc8 61.c6  1-0

[Event "Russian Blitz Internet Cup Superfinal"]
[Site "chessassistantclub.com INT"]
[Date "2004.12.28"]
[Round "4"]
[White "Sakaev,K"]
[Black "Dreev,A"]
[Result "1-0"]
[WhiteElo "2669"]
[BlackElo "2698"]

1.d4 d5 2.c4 c6 3.Nf3 Nf6 4.Nc3 e6 5.Bg5 h6 6.Bh4 dxc4 7.e4 g5 8.Bg3 b5 9.Be2 Bb7
10.h4 g4 11.Ne5 Rg8 12.Nxg4 Nbd7 13.Nxf6+ Qxf6 14.Qd2 e5 15.Bxe5 Nxe5 16.dxe5 Qxe5
17.O-O-O Qe7 18.e5 Rd8 19.Qe3 Qc5 20.Rxd8+ Kxd8 21.Qf4 Qe7 22.Rd1+ Kc8 23.Bg4+ Kb8
24.e6+ Ka8 25.Rd7 Qxh4 26.Qc7  1-0

[Event "Russian Blitz Internet Cup Superfinal"]
[Site "chessassistantclub.com INT"]
[Date "2004.12.28"]
[Round "5"]
[White "Dreev,A"]
[Black "Grischuk,A"]
[Result "1/2-1/2"]
[WhiteElo "2698"]
[BlackElo "2704"]

1.d4 Nf6 2.Nf3 d5 3.c4 c6 4.e3 a6 5.Nc3 b5 6.c5 Nbd7 7.b4 a5 8.bxa5 Qxa5
9.Bd2 b4 10.Nb1 Ne4 11.Be2 e5 12.O-O Nxd2 13.Nbxd2 Be7 14.Ne1 O-O 15.Nc2 Bf6
16.a3 b3 17.Nxb3 Qa4 18.Nb4 Re8 19.Bg4 Nf8 20.Bxc8 Rexc8 21.dxe5 Bxe5 22.Nd4 Qxd1
23.Rfxd1 Bxd4 24.exd4 Ra4 25.Kf1 Ne6 26.Ke2 Kf8 27.g3 Ke8 28.Kd3 Kd7 29.Kc3 Rca8
30.Kb3 Nc7 31.Rd3 f6 32.h4 h5 33.Ra2 Nb5 34.Nc2 Nc7 35.Nb4 Nb5 36.Nc2 Nc7
37.Ra1 Nb5 38.Ra2  1/2-1/2

[Event "Russian Blitz Internet Cup Superfinal"]
[Site "chessassistantclub.com INT"]
[Date "2004.12.28"]
[Round "6"]
[White "Bareev,E"]
[Black "Dreev,A"]
[Result "1-0"]
[WhiteElo "2715"]
[BlackElo "2698"]

1.c4 c6 2.e4 d5 3.exd5 cxd5 4.cxd5 Nf6 5.Qa4+ Nbd7 6.Nc3 g6 7.Nf3 Bg7 8.Qb3 a6
9.a4 O-O 10.Bc4 Qc7 11.d3 Ne5 12.Nxe5 Qxe5+ 13.Be3 Ng4 14.d4 Qh5 15.Be2 Qh4
16.Bxg4 Qxg4 17.O-O Bxd4 18.h3 Qh4 19.Bxd4 Qxd4 20.Rfe1 Re8 21.Rad1 Qf6 22.Ne4 Qe5
23.d6 Be6 24.Qa3 Rad8 25.Nc5 Qf6 26.d7 Rf8 27.Nxe6 fxe6 28.Re2 e5 29.Qb3+ Kg7
30.Qxb7 Rf7 31.Qc7 e6 32.Rdd2 Kh6 33.a5  1-0

[Event "Russian Blitz Internet Cup Superfinal"]
[Site "chessassistantclub.com INT"]
[Date "2004.12.28"]
[Round "7"]
[White "Dreev,A"]
[Black "Panarin,M"]
[Result "1-0"]
[WhiteElo "2698"]
[BlackElo "2482"]

1.d4 d5 2.c4 c6 3.Nf3 Nf6 4.Qc2 dxc4 5.Qxc4 Bf5 6.g3 e6 7.Bg2 Nbd7 8.O-O Be7
9.e3 O-O 10.Qe2 Ne4 11.Nbd2 Nxd2 12.Bxd2 Be4 13.Rfc1 Qb6 14.Bc3 Rfd8 15.Bh3 Bf6
16.Nd2 Bg6 17.Bg2 e5 18.Nb3 a5 19.Qd2 exd4 20.exd4 a4 21.Ba5 Rxa5 22.Nxa5 Bxd4
23.Nxb7 Rb8 24.Rxc6 Qxb2 25.Qxb2 Bxb2 26.Rd1 Ne5 27.Rb6 a3 28.Na5 Rf8 29.Nc6 Nd3
30.Ne7+ Kh8 31.Nxg6+  1-0

[Event "Russian Blitz Internet Cup Superfinal"]
[Site "chessassistantclub.com INT"]
[Date "2004.12.28"]
[Round "8"]
[White "Dreev,A"]
[Black "Kosyrev,V"]
[Result "1/2-1/2"]
[WhiteElo "2698"]
[BlackElo "2539"]

1.d4 Nf6 2.c4 e6 3.Nf3 d5 4.Nc3 dxc4 5.e4 Bb4 6.Bg5 c5 7.e5 cxd4 8.Nxd4 Bxc3+
9.bxc3 Qa5 10.exf6 Qxg5 11.fxg7 Qxg7 12.Qd2 O-O 13.Bxc4 Rd8 14.Qe3 Bd7 15.O-O Nc6
16.Nf3 Ne7 17.Ne5 Ng6 18.f4 Rac8 19.Be2 Nxe5 20.fxe5 Bc6 21.Bf3 Kh8 22.Rae1 a6
23.Rf2 Rd7 24.Bxc6 Rxc6 25.Ref1 Rdc7 26.Qd4 Rxc3 27.Qd8+ Qg8 28.Qf6+ Qg7
29.Qd8+ Qg8 30.Qf6+ Qg7 31.Qd8+  1/2-1/2

[Event "Russian Blitz Internet Cup Superfinal"]
[Site "chessassistantclub.com INT"]
[Date "2004.12.28"]
[Round "9"]
[White "Van Wely,L"]
[Black "Dreev,A"]
[Result "0-1"]
[WhiteElo "2681"]
[BlackElo "2698"]

1.d4 d5 2.c4 c6 3.Nf3 Nf6 4.e3 Bf5 5.Nc3 e6 6.Nh4 Bg6 7.Nxg6 hxg6 8.g3 Nbd7
9.Qe2 Bb4 10.Bd2 Bxc3 11.Bxc3 Ne4 12.Bg2 Nxc3 13.bxc3 Nb6 14.c5 Nc4 15.O-O b6
16.cxb6 axb6 17.a4 O-O 18.Rfb1 Qc7 19.Qc2 Ra5 20.Bf1 Rfa8 21.Bxc4 dxc4 22.Qb2 R8a6
23.Kg2 Qd8 24.e4 Qa8 25.f3 g5 26.g4 b5 27.axb5 cxb5 28.Rxa5 Rxa5 29.Qb4 Ra2+
30.Rb2 Qa4 31.Rxa2 Qxa2+ 32.Kf1 Qb3 33.Qa5 Qb2 34.Ke1 Kh7 35.h3 f6 36.Kf1 Qc1+
37.Ke2 Qc2+ 38.Ke1 Qd3 39.Kf2 Qd2+ 40.Kf1 Qd1+ 41.Kf2 Qd2+ 42.Kf1 Qe3 43.Kg2 Qe2+
44.Kg1 Qe1+ 45.Kg2 Qe2+ 46.Kg1 Qxf3 47.Qxb5 Qxc3 48.Qe8 Qg3+ 49.Kf1 Qd3+
50.Kf2 Qxd4+ 51.Kf3 Qd3+ 52.Kf2 Qd2+ 53.Kf3 Qf4+ 54.Kg2 Qxe4+ 55.Kf2 Qc2+
56.Ke3 Qd3+ 57.Kf2 Qc2+ 58.Ke3 Qg6 59.Qxe6 Qd3+ 60.Kf2 Qd2+ 61.Kf3 Qf4+ 62.Ke2 c3
63.Qc6 Qd2+ 64.Kf3 Qd3+ 65.Kf2 c2  0-1

[Event "Russian Blitz Internet Cup Superfinal"]
[Site "chessassistantclub.com INT"]
[Date "2004.12.28"]
[Round "10"]
[White "Dreev,A"]
[Black "Bologan,V"]
[Result "0-1"]
[WhiteElo "2698"]
[BlackElo "2669"]

1.d4 Nf6 2.Nf3 g6 3.Bf4 Bg7 4.e3 c5 5.c3 Qb6 6.Qb3 Qxb3 7.axb3 d6 8.dxc5 dxc5
9.Bxb8 Rxb8 10.Bb5+ Nd7 11.Rxa7 O-O 12.Nbd2 Nb6 13.Ke2 Be6 14.Nc4 Nc8 15.Raa1 Nd6
16.Nxd6 exd6 17.Bc4 d5 18.Bb5 h6 19.Ra7 g5 20.h3 f5 21.Rd1 f4 22.c4 dxc4
23.Bxc4 Bxc4+ 24.bxc4 fxe3 25.fxe3 Bxb2 26.Rb1 Bf6 27.Rbxb7 Rbe8 28.Rc7 Re4
29.Nd2 Re5 30.Ra6 g4 31.hxg4 Bg5 32.e4 Rd8 33.Nf3 Rxe4+ 34.Kf2 Be3+ 35.Kg3 Bf4+
36.Kh4 Bxc7 37.Rc6 Bd6 38.Kh5 Rxc4 39.Nh4 Rd4 40.Nf5 Rd5 41.Kg6 Bf8 42.Rc7 R5d7
43.Rc6 Rd6+  0-1

[Event "Russian Blitz Internet Cup Superfinal"]
[Site "chessassistantclub.com INT"]
[Date "2004.12.28"]
[Round "11"]
[White "Ovetchkin,R"]
[Black "Dreev,A"]
[Result "0-1"]
[WhiteElo "2473"]
[BlackElo "2698"]

1.e4 c6 2.d4 d5 3.e5 Bf5 4.h4 Qc7 5.g4 Bd7 6.c4 e6 7.Nc3 Ne7 8.h5 h6 9.Nf3 Na6
10.a3 dxc4 11.Bxc4 Nd5 12.Ne4 c5 13.O-O Be7 14.Bd2 b5 15.Ba2 c4 16.Qe2 Bc6
17.Rac1 Qb7 18.Bb1 Rd8 19.Rfe1 Nac7 20.g5 Kd7 21.a4 a6 22.axb5 axb5 23.b3 Nb6
24.Bf4 Ncd5 25.Bg3 cxb3 26.Nd6 Qa8 27.Nxf7 Nc4 28.Nxh8 Rxh8 29.Be4 b2 30.Rc2 Qa2
31.Nd2 Nxd2 32.Rxd2 Bxg5 33.Rxb2 Qa5 34.Rc2 b4 35.Rb1 Rb8 36.Qf3 Be7 37.Rbc1 Rb6
38.Qb3 Qa3 39.Bxd5 Bxd5 40.Qb1 Rb7 41.Rc3 bxc3 42.Qc2 Qb2 43.Qxc3 Qxc3 44.Rxc3 Rb1+  0-1

[Event "Russian Blitz Internet Cup Superfinal"]
[Site "chessassistantclub.com INT"]
[Date "2004.12.28"]
[Round "15"]
[White "Dobrov,V"]
[Black "Dreev,A"]
[Result "0-1"]
[WhiteElo "2487"]
[BlackElo "2698"]

1.d4 d5 2.c4 c6 3.Nc3 Nf6 4.e3 e6 5.Nf3 Nbd7 6.Qc2 Bd6 7.g4 dxc4 8.Bxc4 e5
9.Bd2 O-O 10.g5 Nd5 11.O-O-O exd4 12.exd4 Nb4 13.Qe4 Nb6 14.Bb3 Re8 15.Ne5 N6d5
16.Qf3 Be6 17.Ne4 a5 18.Rhg1 Be7 19.Nc5 Bxc5 20.dxc5 a4 21.Bc4 a3 22.Bxb4 axb2+
23.Kxb2 Qc7 24.Bc3 b6 25.Ng4 Reb8 26.Bxd5 bxc5+ 27.Kc1 cxd5 28.Nf6+ Kf8 29.Nxh7+ Ke8
30.g6 d4 31.Rge1 Qb6 32.Qxf7+ Kd8 33.Qf8+ Kc7 34.Qxg7+ Bd7 35.Qe5+ Kc8 36.Rxd4 Qb1+
37.Kd2 Rxa2+ 38.Ke3 cxd4+ 39.Kf4 Qxg6 40.Qh8+ Kc7 41.Qe5+ Kc6 42.Bxd4 Qh6+
43.Ng5 Qh4+ 44.Ke3 Rb3+ 45.Bc3 Qc4 46.Qe4+ Kc5 47.Qxc4+ Kxc4 48.Ne4 Bc6 49.Kf4 Bxe4
50.Rxe4+ Kxc3 51.f3 Rxh2 52.Re3+ Kc4 53.Re4+ Kd5 54.Re8 Rb4+ 55.Kg3 Rh5 56.Rd8+ Ke6
57.Re8+ Kf7 58.Re3 Rg5+ 59.Kh3 Rf5 60.Kg3 Rf6 61.Rc3 Rg6+ 62.Kf2 Rb7 63.Ke3 Re7+
64.Kf2 Rf6 65.Rb3 Rfe6 66.Rc3 Kf6 67.Kg3 Re5 68.Rc4 Kf5 69.Kf2 Re2+ 70.Kf1 Ra2
71.Rb4 Rc7 72.Rb5+ Kf4 73.Rb4+ Kg3  0-1

[Event "Russian Blitz Internet Cup Superfinal"]
[Site "chessassistantclub.com INT"]
[Date "2004.12.28"]
[Round "18"]
[White "Dreev,A"]
[Black "Kharlov,A"]
[Result "1-0"]
[WhiteElo "2698"]
[BlackElo "2613"]

1.d4 Nf6 2.c4 e6 3.Nf3 d5 4.Nc3 dxc4 5.e4 Bb4 6.Bg5 c5 7.Bxc4 cxd4 8.Nxd4 Nbd7
9.O-O Bxc3 10.bxc3 Qa5 11.Bxf6 Nxf6 12.Bb5+ Bd7 13.Rb1 Bxb5 14.Rxb5 Qxc3
15.e5 Nd5 16.Rxd5 exd5 17.Qa4+ Kf8 18.e6 Re8 19.Qd7 fxe6 20.Nxe6+ Rxe6 21.Qxe6 Qc6
22.Qf5+ Ke7 23.Re1+ Kd8 24.Qg5+ Qf6 25.Qg3 Kd7 26.Rc1 Re8 27.Qc7+ Ke6 28.Re1+ Kf5
29.g4+  1-0

[Event "6th Karpov"]
[Site "Poikovsky RUS"]
[Date "2005.03.01"]
[Round "4"]
[White "Bacrot,E"]
[Black "Dreev,A"]
[Result "1/2-1/2"]
[WhiteElo "2715"]
[BlackElo "2704"]

1.d4 d5 2.c4 c6 3.Nc3 Nf6 4.Nf3 e6 5.Bg5 h6 6.Bh4 dxc4 7.e4 g5 8.Bg3 b5 9.Be2 Bb7
10.h4 g4 11.Ne5 h5 12.f3 Nbd7 13.fxg4 hxg4 14.O-O Nxe5 15.Bxe5 Nd7 16.Bxh8 Qxh4
17.Bxg4 Qxh8 18.e5 O-O-O 19.Qe2 c5 20.d5 Nxe5 21.dxe6 Nxg4 22.Qxg4 Qd4+ 23.Qxd4 cxd4
24.Nxb5 fxe6 25.Rac1 Bh6 26.Rxc4+ Kb8 27.Re1 Be3+ 28.Rxe3 dxe3 29.Rd4 Rf8
30.Rd1 a6 31.Nc3 Rf2 32.Rd6 e5 33.Re6 Rf5 34.Rg6 Rf2 35.Rg5 Rxb2 36.Rxe5 Rxg2+  1/2-1/2

[Event "6th Karpov"]
[Site "Poikovsky RUS"]
[Date "2005.03.04"]
[Round "6"]
[White "Dreev,A"]
[Black "Svidler,P"]
[Result "1/2-1/2"]
[WhiteElo "2704"]
[BlackElo "2735"]

1.d4 Nf6 2.c4 g6 3.Nc3 d5 4.Bg5 Ne4 5.Bh4 Nxc3 6.bxc3 dxc4 7.e3 Be6 8.Rb1 b6
9.Nf3 c6 10.a4 a6 11.e4 b5 12.Be2 Bg7 13.O-O O-O 14.Ng5 Bc8 15.f4 f6 16.Nf3 f5
17.Qe1 Bf6 18.Bd1 fxe4 19.Ng5 Qd5 20.Bc2 Bf5 21.h3 e3 22.Bxf5 gxf5  1/2-1/2

[Event "6th Karpov"]
[Site "Poikovsky RUS"]
[Date "2005.03.05"]
[Round "7"]
[White "Rublevsky,S"]
[Black "Dreev,A"]
[Result "1/2-1/2"]
[WhiteElo "2650"]
[BlackElo "2704"]

1.e4 c6 2.d4 d5 3.e5 Bf5 4.Be3 e6 5.Nd2 Nd7 6.f4 Qb6 7.Qc1 h5 8.Ngf3 Nh6
9.Be2 Be7 10.c3 Bg6 11.b4 a5 12.a3 Qd8 13.Nb3 b6  1/2-1/2

[Event "6th Karpov"]
[Site "Poikovsky RUS"]
[Date "2005.03.07"]
[Round "9"]
[White "Bologan,V"]
[Black "Dreev,A"]
[Result "1/2-1/2"]
[WhiteElo "2683"]
[BlackElo "2704"]

1.e4 c6 2.d4 d5 3.Nd2 dxe4 4.Nxe4 Bf5 5.Ng3 Bg6 6.h4 h6 7.Nf3 Nd7 8.h5 Bh7
9.Bd3 Bxd3 10.Qxd3 e6 11.Bf4 Ngf6 12.O-O-O Be7 13.Kb1 O-O 14.Ne4 Nxe4 15.Qxe4 Nf6
16.Qe2 Qd5 17.Ne5 Qe4 18.Qxe4 Nxe4 19.Rhe1 Nf6 20.g4 a5 21.c3 Rfc8 22.f3 b5
23.Nd3 Nd5 24.Bg3 a4 25.a3 c5 26.Nf4 Nxf4 27.Bxf4 Rd8 28.dxc5 Bxc5 29.Rxd8+ Rxd8
30.Kc2 Kf8 31.Rd1 Rd5 32.Rxd5 exd5 33.Kd3 Ke7 34.Be3 Kd6 35.Bd4  1/2-1/2

[Event "It"]
[Site "Dos Hermanas ESP"]
[Date "2005.04.01"]
[Round "1"]
[White "Rustemov,A"]
[Black "Dreev,A"]
[Result "1/2-1/2"]
[WhiteElo "2573"]
[BlackElo "2705"]

1.d4 d5 2.c4 c6 3.cxd5 cxd5 4.Nf3 Nf6 5.Nc3 Nc6 6.Bf4 a6 7.Rc1 Ne4 8.Ne5 Nxc3
9.Rxc3 Bd7 10.Nxc6 Bxc6 11.a3 e6 12.e3 Be7 13.Bd3 g6 14.O-O f6 15.Qg4 Kf7
16.Rfc1 a5 17.h3 Rg8 18.Qe2 Qd7 19.a4 Rgc8 20.b3 Ba3 21.Ra1 Qe7 22.Rc2  1/2-1/2

[Event "It"]
[Site "Dos Hermanas ESP"]
[Date "2005.04.03"]
[Round "3"]
[White "Harikrishna,P"]
[Black "Dreev,A"]
[Result "1/2-1/2"]
[WhiteElo "2646"]
[BlackElo "2705"]

1.d4 d5 2.c4 c6 3.Nf3 Nf6 4.Nc3 e6 5.Bg5 h6 6.Bxf6 Qxf6 7.e3 Nd7 8.Qc2 g6
9.cxd5 exd5 10.Bd3 Bg7 11.b4 Qd6 12.Rb1 O-O 13.O-O Nb6 14.Nd2 Be6 15.Ne2 Rfc8
16.Rfc1 Rc7 17.Nf4 Bd7 18.Qc5 Bf8 19.Qxd6 Bxd6 20.Ne2 Be6 21.Nc3 Nd7 22.a4 a5
23.bxa5 Rxa5 24.Nb3 Ra8 25.a5 Bb4 26.Ra1 Rcc8 27.Ne2 c5 28.dxc5 Nxc5 29.Nxc5 Rxc5
30.Rxc5 Bxc5 31.Nf4 g5 32.Nxe6 fxe6 33.g3 Kf7 34.Rb1 Rxa5 35.Rxb7+ Kf6 36.Rh7 Bf8
37.Rc7 Bb4 38.Be2 Bd6 39.Rc8 Bc5 40.Rc6 d4 41.Bc4 dxe3 42.Rxe6+ Kf5 43.fxe3 Ra4
44.Bd5 Ra5 45.Kg2 g4 46.e4+ Kg5 47.Re8 Rb5 48.Rg8+ Kf6 49.Rxg4 Rb2+ 50.Kh3 Bg1
51.Rf4+ Kg6 52.Bf7+ Kg7 53.Bh5 Rxh2+ 54.Kg4 Bd4 55.Rf7+ Kg8 56.Rd7 Bc3 57.Rc7 Bd4
58.Re7 Bf6 59.Re8+ Kg7 60.e5 Bg5 61.Rb8 Rg2 62.Rb7+ Kf8 63.Bg6 Rf2 64.Be4 Rf7
65.Rb8+ Ke7 66.Bd5 Rf2 67.Rb7+ Kf8 68.Bb3 Rf1 69.Rb5 Kg7 70.Rb8 Be7 71.Rb6 h5+
72.Kh3 Kf8 73.Rb8+ Kg7 74.Re8 Bf8 75.Bd5 Re1 76.Kg2 Re3 77.Re6 Bb4 78.Kf2 Bc5
79.Kg2 Bb4 80.Re8 Bc3 81.e6 Bb4 82.Rd8 Be7 83.Rc8 h4 84.gxh4 Bxh4 85.Rc7+ Kf6
86.Rh7 Bg5 87.Kf2  1/2-1/2

[Event "It"]
[Site "Dos Hermanas ESP"]
[Date "2005.04.05"]
[Round "5"]
[White "Azmaiparashvili,Z"]
[Black "Dreev,A"]
[Result "1-0"]
[WhiteElo "2671"]
[BlackElo "2705"]

1.d4 d5 2.c4 c6 3.Nf3 Nf6 4.e3 Bf5 5.Nc3 e6 6.Nh4 Be4 7.f3 Bg6 8.Qb3 Qc7
9.Bd2 Be7 10.Rc1 Nbd7 11.cxd5 exd5 12.g4 Qb6 13.g5 Ng8 14.e4 Qxb3 15.axb3 dxe4
16.fxe4 Bb4 17.Nxg6 hxg6 18.Bc4 Nb6 19.O-O Nxc4 20.bxc4 Ne7 21.Bf4 Rd8 22.d5 Nc8
23.Kg2 O-O 24.Na2 Be7 25.Rfd1 f6 26.gxf6 gxf6 27.c5 cxd5 28.exd5 Rd7 29.b4 a6
30.Nc3 Kf7 31.d6 Bd8 32.Na4 g5 33.Bg3 Na7 34.c6 Nxc6 35.Nc5 Nb8 36.Re1 f5
37.Nxd7 Nxd7 38.Bf2 Nf6 39.Rc5 Kg6 40.Rc8 Be7 41.Rxf8 Bxf8 42.Re6 Kf7 43.Rxf6+ Kxf6
44.d7 Be7 45.Bb6 f4 46.Kf3  1-0

[Event "It"]
[Site "Dos Hermanas ESP"]
[Date "2005.04.07"]
[Round "7"]
[White "Dreev,A"]
[Black "Felgaer,R"]
[Result "1-0"]
[WhiteElo "2705"]
[BlackElo "2593"]

1.d4 d5 2.c4 c6 3.Nf3 Nf6 4.e3 Bf5 5.Nc3 e6 6.Nh4 Bg6 7.Nxg6 hxg6 8.Bd2 Nbd7
9.Rc1 Bd6 10.g3 O-O 11.Qb3 Rb8 12.Bg2 Bc7 13.O-O Nb6 14.cxd5 exd5 15.Rce1 Re8
16.f3 Nc4 17.Bc1 Nd6 18.e4 Bb6 19.Rd1 Qd7 20.Bf4 Rbd8 21.e5 Nf5 22.exf6 Nxd4
23.Qa4 Nf5+ 24.Kh1 gxf6 25.Qc2 Nd4 26.Qd3 Ne6 27.Bd2 f5 28.b4 Bd4 29.Ne2 Bg7
30.Bc3 d4 31.Bd2 a5 32.bxa5 Qd5 33.Nc1 Nc5 34.Qb1 Rd7 35.Nd3 Nxd3 36.Qxd3 Qxa2
37.Ra1 Qd5 38.f4 Re4 39.g4 c5 40.gxf5 gxf5 41.Rac1 Rc7 42.Rc4 Rc6 43.Bf3 b5
44.axb6 Rxb6 45.Rg1 Rb2 46.Bc1 Rf2 47.Rc2 Ree2 48.Rxe2 Rxf3 49.Re8+ Kh7 50.Re5 Rxd3+
51.Rxd5 c4 52.Rxf5 Kh8 53.Rh5+  1-0

[Event "It"]
[Site "Dos Hermanas ESP"]
[Date "2005.04.08"]
[Round "8"]
[White "Illescas Cordoba,M"]
[Black "Dreev,A"]
[Result "1/2-1/2"]
[WhiteElo "2633"]
[BlackElo "2705"]

1.d4 d5 2.c4 c6 3.Nf3 Nf6 4.Nc3 e6 5.e3 Nbd7 6.Bd3 dxc4 7.Bxc4 b5 8.Bd3 Bb7
9.e4 b4 10.Na4 c5 11.e5 Nd5 12.O-O cxd4 13.Nxd4 Nxe5 14.Bb5+ Nd7 15.Re1 Rc8
16.Qh5 g6 17.Qe2 a6 18.Bc4 Rxc4 19.Qxc4 Qh4 20.b3 Bd6 21.Nf3 Qxc4 22.bxc4 N5f6
23.Nd4 Ke7 24.Bb2 Rc8 25.Rac1 Ne4  1/2-1/2

[Event "It"]
[Site "Dos Hermanas ESP"]
[Date "2005.04.09"]
[Round "9"]
[White "Dreev,A"]
[Black "Karjakin,Sergey"]
[Result "1-0"]
[WhiteElo "2705"]
[BlackElo "2635"]

1.d4 d5 2.c4 dxc4 3.Nf3 Nf6 4.e3 e6 5.Bxc4 a6 6.O-O c5 7.Bb3 b5 8.a4 b4 9.Nbd2 Bb7
10.e4 Be7 11.e5 Nfd7 12.Nc4 O-O 13.Bc2 cxd4 14.Qxd4 b3 15.Bxb3 Bxf3 16.gxf3 Nc6
17.Qe3 Qc7 18.f4 Nc5 19.Bd1 Rad8 20.Ra3 Nd4 21.Nd6 Nf5 22.Nxf5 exf5 23.Rc3 a5
24.b3 Qb6 25.Ba3 Rc8 26.Bf3 Rc7 27.Rfc1 Rfc8 28.Bd5 Qg6+ 29.Kh1 Qa6 30.h3 Qb6
31.Kh2 Kf8 32.Rc4 Qa7 33.b4 axb4 34.Bxb4 Qb6 35.R1c2 g6 36.Qd4 Ke8 37.a5 Qb5
38.a6 Nxa6 39.Bd6 Nc5 40.Bxc7 Rxc7 41.Rb4 Qa6 42.Rb8+  1-0

[Event "XXIX Vicente Bonil"]
[Site "Albox ESP"]
[Date "2005.06.04"]
[Round "4"]
[White "Shchekachev,A"]
[Black "Dreev,A"]
[Result "0-1"]
[WhiteElo "2526"]
[BlackElo "2705"]

1.c4 c6 2.Nf3 d5 3.d4 Nf6 4.Qb3 e6 5.Bg5 Nbd7 6.Nc3 Be7 7.e3 O-O 8.Be2 b6
9.cxd5 Nxd5 10.Bxe7 Qxe7 11.Nxd5 exd5 12.O-O Bb7 13.Rac1 Rfc8 14.Rfd1 g6
15.Ne1 Rc7 16.Bf3 Nf6 17.Nd3 Rac8 18.Nf4 Ba6 19.Be2 Bxe2 20.Nxe2 c5 21.dxc5 Rxc5
22.Rxc5 Rxc5 23.Nc3 Ne4 24.Nxd5 Qh4 25.g3 Qg4 26.Kg2 Qe2  0-1

[Event "XXIX Vicente Bonil"]
[Site "Albox ESP"]
[Date "2005.06.05"]
[Round "7"]
[White "Vallejo Pons,F"]
[Black "Dreev,A"]
[Result "1/2-1/2"]
[WhiteElo "2677"]
[BlackElo "2705"]

1.e4 c6 2.d4 d5 3.Nc3 dxe4 4.Nxe4 Bf5 5.Ng3 Bg6 6.h4 h6 7.Nf3 Nd7 8.h5 Bh7
9.Bd3 Bxd3 10.Qxd3 e6 11.Bf4 Ngf6 12.O-O-O Be7 13.Kb1 Qa5 14.Bd2 Qc7 15.Ne4 Rd8
16.Nxf6+ Nxf6 17.Qe2 Qb6 18.Bc1 Qb5 19.c4 Qf5+ 20.Ka1 Nxh5 21.Ne5 Nf4 22.Qe3 Ng6
23.g4 Qf6 24.f4  1/2-1/2

[Event "XXIX Vicente Bonil"]
[Site "Albox ESP"]
[Date "2005.06.05"]
[Round "8"]
[White "Dreev,A"]
[Black "Ponomariov,R"]
[Result "1/2-1/2"]
[WhiteElo "2705"]
[BlackElo "2695"]

1.d4 Nf6 2.c4 e6 3.Nf3 d5 4.Nc3 Bb4 5.cxd5 exd5 6.Bg5 Nbd7 7.Qc2 O-O 8.a3 Bxc3+
9.Qxc3 c6 10.Nd2 Qe8 11.f3 Qe6 12.Bh4 Re8 13.Bf2 Nf8 14.e3 Ng6 15.Bd3 Nf4
16.O-O Nxd3 17.Qxd3 Qf5 18.Qxf5 Bxf5 19.Rfc1 a5 20.a4 Nd7 21.Rc3 Ra6 22.Rb3 Rb6
23.Rxb6 Nxb6 24.b3 f6 25.Rc1 Kf7 26.Rc5 Ra8 27.Bg3  1/2-1/2